书目信息 |
| 题名: |
映画:香港制造
|
|
| 作者: | 张燕 著 | |
| 分册: | ||
| 出版信息: | 北京 北京大学出版社 2006 |
|
| 页数: | 451页 | |
| 开本: | 23cm | |
| 丛书名: | ||
| 单 册: | ||
| 中图分类: | I253.5 | |
| 科图分类: | ||
| 主题词: | 访问记--中国--现代 , 电影评论--中国 , 访问记 , 电影评论 | |
| 电子资源: | ||
| ISBN: | 7-301-10621-1 | |
| 000 | 00998nam0 2200301 450 | |
| 001 | 012007498559 | |
| 005 | 20070517095544.54 | |
| 010 | @a7-301-10621-1@dCNY48.00 | |
| 100 | @a20070514d2006 km y0chiy0120 ea | |
| 101 | 0 | @achi |
| 102 | @aCN@b110000 | |
| 105 | @aa z 000zy | |
| 106 | @ar | |
| 200 | 1 | @a映画:香港制造@Aying hua:xiang gang zhi zao@e与香港著名导演对话@f张燕著@Fzhang yan zhu |
| 210 | @a北京@c北京大学出版社@d2006 | |
| 215 | @a451页@c彩照,剧照@d23cm | |
| 300 | @a博雅悦读时光 | |
| 330 | @a本书收录了与香港著名导演的对话,包括了香港电影导演扫描、从新浪潮走来、文艺电影主力、动作电影旗手、动漫电影引领者等方面内容。 | |
| 510 | 1 | @aLegend of hongkong film@zeng |
| 517 | 1 | @a与香港著名导演对话@Ayu xiang gang zhu ming dao yan dui hua |
| 606 | 0 | @a访问记@y中国@z现代 |
| 606 | 0 | @a电影评论@y中国 |
| 606 | 0 | @a访问记 |
| 606 | 0 | @a电影评论 |
| 690 | @aI253.5@v4 | |
| 701 | 0 | @a张燕@Azhang yan@c(电影教学)@4著 |
| 801 | 0 | @aCN@bRULIN@c20070517 |
| 905 | @dI253.5@e710@s8 | |
| 映画:香港制造:与香港著名导演对话/张燕著.-北京:北京大学出版社,2006 |
| 451页:彩照,剧照;23cm |
| 博雅悦读时光 |
| ISBN 7-301-10621-1:CNY48.00 |
| 本书收录了与香港著名导演的对话,包括了香港电影导演扫描、从新浪潮走来、文艺电影主力、动作电影旗手、动漫电影引领者等方面内容。 |
| ● |
| 相关链接 |
|
|
|
|
正题名:映画:香港制造
索取号:I253.5/710
 
预约/预借
| 序号 | 登录号 | 条形码 | 馆藏地/架位号 | 状态 | 备注 |
| 1 | 0577677 | 205776775 | 第一样本阅览室/ [索取号:I253.5/710] | 在馆 | |
| 2 | 0577678 | 205776784 | 第二借阅区/ [索取号:I253.5/710] | 在馆 | |
| 3 | 0577679 | 205776793 | 第二借阅区/ [索取号:I253.5/710] | 在馆 | |
| 4 | 0577680 | 205776800 | 第二借阅区/ [索取号:I253.5/710] | 在馆 | |
| 5 | 0577681 | 205776819 | 第二借阅区/ [索取号:I253.5/710] | 在馆 | |
| 6 | 0577682 | 205776828 | 第二借阅区/ [索取号:I253.5/710] | 在馆 | |
| 7 | 0577683 | 205776837 | 第二借阅区/ [索取号:I253.5/710] | 在馆 | |
| 8 | 0577684 | 205776846 | 第二借阅区/ [索取号:I253.5/710] | 在馆 |